Adjustment computations : spacial data analysis

Αποθηκεύτηκε σε:
Λεπτομέρειες βιβλιογραφικής εγγραφής
Κύριος συγγραφέας: Ghilani, Charles D.
Άλλοι συγγραφείς: Wolf, Paul R.
Μορφή: Βιβλίο
Γλώσσα:English
Δημοσίευση: Canada; United States : John Wiley & Sons, 2006
Έκδοση:4th ed.
Θέματα:
Ετικέτες: Προσθήκη ετικέτας
Δεν υπάρχουν, Καταχωρήστε ετικέτα πρώτοι!

MARC

LEADER 00000nam a2200000 i 4500
001 1/47271
008 070702s2006 eng d
020 |a 978-0-471-69728-2 (hbk.) 
020 |a 0-471-69728-1 (hbk.) 
035 |l 10088597 
040 |a GR-MY-UA  |b gre  |e aacr 
041 0 |a eng 
082 0 |a 526.9  |2 (22) 
100 1 |a Ghilani, Charles D. 
245 1 0 |a Adjustment computations :  |b spacial data analysis /  |c Charles D. Ghilani, Paul R. Wolf 
250 |a 4th ed.  
260 |a Canada; United States :   |b John Wiley & Sons,   |c 2006 
300 |a xxiii, 611 σ.;  |b διαγρ., πίν.;  |c 24 εκ.+  |e 1 οπτικός δίσκος (4 3/4 ίν.) 
504 |a Βιβλιογραφία: σ. 600-602 
504 |a Περιέχει ευρετήριο 
650 0 0 |a Surveying  |x Mathematics. 
650 0 0 |a Spatial analysis (Statistics) 
700 1 |a Wolf, Paul R. 
852 |a INST  |b LESVOS  |e 20070702  |h 526.9 GHI  |p 005100037874  |q 005100037874  |t BK  |y 0 
852 |a INST  |b LESVOS  |e 20070702  |h 526.9 GHI   |p 005100037875  |q 005100037875  |t BK  |y 0 
901 |a BIBL1-2007-2 
909 |a Λ  |b 135417 
909 |a Λ  |b 132906 
922 |a 1ΕΛΗ  |b 200706  |c ΕΠΕΑΕΚ2/ΤΓ  |d ΠΑΠΑΣΩΤΗΡΙΟΥ 
970 |a ΒΑΡΚΑ  |b ΕΛΕΥΘΕΡΙΑ  |z 2007/07/02